Logo BPK

Biblioteka

Politechniki Koszalińskiej

Progress in nuclear physics. (Rekord nr 14043)

Szczegóły MARC
000 -ETYKIETA REKORDU
podpole kontrolne o stałej długości 00572nam a2200169 i 4500
001 - NUMER KONTROLNY REKORDU
pole kontrolne bg
040 ## - ŹRÓDŁO KATALOGOWANIA
Instytucja, która utworzyła rekord BPK
041 ## - KOD JĘZYKA
Kod języka tekstu pol
008 - POLE O STAŁEJ DŁUGOŚCI - DANE KONTROLNE
podpole kontrolne o stałej długości s pl f |000 0 pol
245 #0 - TYTUŁ/ODPOWIEDZIALNOŚĆ
Tytuł Progress in nuclear physics.
Oznaczenie części/sekcji dzieła Vol. 12.
-- P. 1,
Tytuł części/sekcji dzieła K Meson leptonic decay /
Pozostałe elementy strefy tytułu i oznaczenia odpowiedzialności by P. B. Jones. The anomalous magnetic moment of the muon and related topics / by J. Bailey and E. Picasso.
260 ## - STREFA ADRESU WYDAWNICZEGO
Miejsce wydania Oxford,
Data publikacji, dystrybucji/powstania dokumentu 1970.
700 1# - HASŁO DODATKOWE - NAZWA OSOBOWA
Nazwa osobowa Jones, P. B.
700 1# - HASŁO DODATKOWE - NAZWA OSOBOWA
Nazwa osobowa Bailey, J.
700 1# - HASŁO DODATKOWE - NAZWA OSOBOWA
Nazwa osobowa Picasso, E.
740 42 - HASŁO DODATKOWE - TYTUŁ DOKUMENTU ZWIAZANEGO/TYTUŁ PRACY WSPÓŁWYDANEJ
Tytuł The |anomalous magnetic moment of the muon and related topics
856 ## - LOKALIZACJA I DOSTĘP DO ELEKTRONICZNYCH DOKUMENTÓW ZDALNYCH
Link (URL) http://koha.tu.koszalin.pl/cgi-bin/koha/opac-detail.pl?biblionumber=14043
Tekst linku Katalog online BPK
942 ## - DODATKOWE ELEMENTY (KOHA)
Typ dokumentu Książka
Egzemplarze
Wycofany Status egzemplarza Uszkodzony Dostępność Lokalizacja stała Lokalizacja bieżąca Miejsce przechowywania Sygnatura Kod kreskowy Typ dokumentu
      Dostępny Biblioteka Politechniki Koszalińskiej Biblioteka Politechniki Koszalińskiej Wypożyczalnia BG 12094 01758238 Książka
© 2023 Biblioteka Politechniki Koszalińskiej :: KOHA